Vista normal
Vista MARC
Entrada Materia (personas)
Número de registros utilizados en: 1
001 - CONTROL NUMBER
- control field: 124126
003 - CONTROL NUMBER IDENTIFIER
- control field: Co-BoUCM
005 - DATE AND TIME OF LATEST TRANSACTION
- control field: 20211020094429.0
008 - FIXED-LENGTH DATA ELEMENTS
- fixed length control field: 211020|| aca||aabn | a|a d
040 ## - CATALOGING SOURCE
- Original cataloging agency: Co-BoUCM
- Transcribing agency: Co-BoUCM
100 ## - HEADING--PERSONAL NAME
- Personal name: Castiglione Da Panicale
- Titles and other words associated with a name: Seud. Tomaso Di Cristoforo Fini
- Dates associated with a name: 1383-1440
- General subdivision: Crítica e interpretación, etc
670 ## - SOURCE DATA FOUND
- Source citation: Work cat.: (Co-BoUCM)31451: Martini, Alberto 123819, Masolino a Castiglione Olona, 1965